| 000 | 00402nam a22001697a 4500 | ||
|---|---|---|---|
| 999 |
_c4170 _d234674 |
||
| 020 | _a9502003160 | ||
| 080 | _a342.72/ 73 F 247 | ||
| 100 | _aFarrell, Martin Diego | ||
| 245 | _aLa Etica del Aborto y la Eutanasia | ||
| 260 |
_aBuenos Aires _bAbeledo- Perrot _c1985 |
||
| 300 | _a121 P: | ||
| 650 | _xaborto | ||
| 650 | _xbioetica | ||
| 650 | _xeutanasia | ||
| 942 | _6_ | ||
| 945 |
_acd _d2015-09-29 |
||